Country Flags Hard edition - Statistics

General Stats
  • This quiz has been taken 91 times
  • The average score is 14 of 16
Answer Stats
Picture Answer % Correct
Georgia
99%
Kosovo
96%
Laos
94%
Kenya
93%
New zealand
93%
Serbia
93%
Paraguay
91%
Uganda
91%
Angola
90%
Malaysia
90%
Malawi
89%
Niger
89%
Myanmar
87%
Central african republic
84%
Tuvalu
80%
Vanuatu
80%
No matching quizzes found
Score Distribution
Percent of People with Each Score
Percentile by Number Answered
Your Score History
You have not taken this quiz